[Event "Sao Sebastiao do Paraiso op 1st"]
[Site "Sao Sebastiao do Paraiso"]
[Date "2017.08.20"]
[Round "5"]
[White "Ferreira, Diego Donizete"]
[Black "Domingues, Jair Vicente"]
[Result "0-1"]
[WhiteElo "1560"]
[BlackElo "1995"]
[PlyCount "50"]
[EventDate "2017.08.18"]
[EventType "swiss"]
[EventRounds "6"]
[EventCountry "BRA"]
[SourceTitle "CBM 180 Extra"]
[Source "ChessBase"]
[SourceDate "2017.10.06"]
[SourceVersion "1"]
[SourceVersionDate "2017.10.06"]
[SourceQuality "1"]

1. Nf3 Nf6 2. d4 d5 3. c4 e6 4. cxd5 exd5 5. Nc3 Nbd7 6. g3 c6 7. Bg2 Be7 8. 0-0 0-0 9. Re1 a5 10. a4 Bb4 11. Bd2 Re8 12. e3 Ne4 13. Nxe4 dxe4 14. Nh4 Bxd2 15. Qxd2 g5 16. Bxe4 gxh4 17. Qc2 Nf6 18. Bf5 Qd5 19. e4 Bxf5 20. exd5 Bxc2 21. Rec1 Be4 22. dxc6 Bxc6 23. Rc5 Re2 24. b3 Rae8 25. Rf5 Re1+ 0-1

[Event "Sao Sebastiao do Paraiso op 4th"]
[Site "Sao Sebastiao do Paraiso"]
[Date "2016.12.17"]
[Round "3"]
[White "Paschoa, Brenno David Pereir"]
[Black "Ferreira, Diego Donizete"]
[Result "0-1"]
[WhiteElo "1324"]
[BlackElo "1577"]
[PlyCount "62"]
[EventDate "2016.12.17"]
[EventType "swiss"]
[EventRounds "5"]
[EventCountry "BRA"]
[SourceTitle "CBM 176 Extra"]
[Source "ChessBase"]
[SourceDate "2017.03.02"]
[SourceVersion "1"]
[SourceVersionDate "2017.03.02"]
[SourceQuality "1"]

1. d4 d5 2. Nf3 Nf6 3. Bf4 Bf5 4. e3 e6 5. Be2 Bd6 6. Bg3 Bxg3 7. hxg3 h6 8. c3 Nbd7 9. Nbd2 Qe7 10. Qb3 b6 11. 0-0-0 0-0 12. Bb5 c5 13. Rde1 c4 14. Qa4 a6 15. Bxa6 Nb8 16. Ne5 Rxa6 17. Qb5 Rxa2 18. Ndf3 Ra1+ 19. Kd2 Rxe1 20. Rxe1 Nfd7 21. Nc6 Nxc6 22. Qxc6 Rb8 23. Nh4 Bh7 24. f4 Nf6 25. Qa4 Ne4+ 26. Ke2 Nxg3+ 27. Kf3 Qxh4 28. Ra1 Ne4 29. Qa8 Qf2+ 30. Kg4 Qg3+ 31. Kh5 Bg6# 0-1

[Event "Sao Sebastiao do Paraiso Ferias CXSSP I"]
[Site "Sao Sebastiao do Paraiso"]
[Date "2016.07.23"]
[Round "2.16"]
[White "Ferreira, Diego Donizete"]
[Black "Lazaro, Lais Cruz"]
[Result "1-0"]
[WhiteElo "1800"]
[BlackElo "1792"]
[PlyCount "111"]
[EventDate "2016.07.22"]
[EventType "swiss"]
[EventRounds "6"]
[EventCountry "BRA"]
[SourceTitle "EXT 2022"]
[Source "ChessBase"]
[SourceDate "2021.10.06"]
[SourceVersion "1"]
[SourceVersionDate "2021.10.06"]
[SourceQuality "1"]

1. Nf3 Nf6 2. g3 Nc6 3. Bg2 d5 4. d3 Bf5 5. Nbd2 e5 6. 0-0 Bd6 7. Re1 0-0 8. e4 dxe4 9. dxe4 Bg4 10. h3 Bd7 11. Nc4 Be6 12. Nxd6 cxd6 13. Bg5 Qb6 14. Bxf6 gxf6 15. b3 Rad8 16. c4 Kh8 17. Qd2 Rg8 18. Kf1 f5 19. exf5 Bxf5 20. Nh4 Be6 21. Qh6 Nb4 22. Qf6+ Rg7 23. Nf5 Bxf5 24. Qxf5 h6 25. Re4 Nc6 26. Rd1 Qa6 27. Rh4 Nd4 28. Rxh6+ Kg8 29. Qh5 Kf8 30. Rh8+ Ke7 31. Rxd8 Kxd8 32. Qh8+ Kc7 33. Qxg7 Qxa2 34. Qxf7+ Kd8 35. Kg1 Qxb3 36. Rf1 a5 37. Qxb7 Qxc4 38. Qa8+ Ke7 39. Qxa5 Ne2+ 40. Kh2 Qd3 41. Qa7+ Kf6 42. Qe3 Qc2 43. h4 Qa2 44. Qg5+ Kf7 45. h5 Ke8 46. h6 Qc2 47. Qg8+ Ke7 48. h7 Qxh7+ 49. Qxh7+ Ke6 50. Rd1 Nc3 51. Qg6+ Ke7 52. Rxd6 Nb5 53. Qe6+ Kf8 54. Rd7 Nd6 55. Qe7+ Kg8 56. Qg7# 1-0

[Event "Sao Sebastiao do Paraiso Ferias CXSSP I"]
[Site "Sao Sebastiao do Paraiso"]
[Date "2016.07.23"]
[Round "4.14"]
[White "Ferreira, Diego Donizete"]
[Black "Perez, Matheus Manhanini A"]
[Result "1-0"]
[WhiteElo "1800"]
[BlackElo "1784"]
[PlyCount "55"]
[EventDate "2016.07.22"]
[EventType "swiss"]
[EventRounds "6"]
[EventCountry "BRA"]
[SourceTitle "EXT 2022"]
[Source "ChessBase"]
[SourceDate "2021.10.06"]
[SourceVersion "1"]
[SourceVersionDate "2021.10.06"]
[SourceQuality "1"]

1. Nf3 Nc6 2. g3 e5 3. d3 Nf6 4. Bg2 Nd4 5. Nbd2 Nxf3+ 6. Nxf3 Be7 7. Nxe5 d6 8. Nf3 Bg4 9. h3 Bxf3 10. Bxf3 0-0 11. Bxb7 Rb8 12. Bg2 Nd7 13. 0-0 Bf6 14. Rb1 Nc5 15. b3 Nd7 16. Bb2 Re8 17. e4 h6 18. Re1 Rb7 19. e5 Rb8 20. exf6 Rxe1+ 21. Qxe1 gxf6 22. Qe3 Kf8 23. Qxh6+ Ke8 24. Re1+ Ne5 25. d4 Qe7 26. dxe5 dxe5 27. Bc6+ Kd8 28. Qh8+ 1-0

[Event "Sao Sebastiao do Paraiso Ferias CXSSP I"]
[Site "Sao Sebastiao do Paraiso"]
[Date "2016.07.22"]
[Round "1.4"]
[White "Baldim, Daniel"]
[Black "Ferreira, Diego Donizete"]
[Result "1-0"]
[WhiteElo "2002"]
[BlackElo "1800"]
[PlyCount "83"]
[EventDate "2016.07.22"]
[EventType "swiss"]
[EventRounds "6"]
[EventCountry "BRA"]
[SourceTitle "EXT 2022"]
[Source "ChessBase"]
[SourceDate "2021.10.06"]
[SourceVersion "1"]
[SourceVersionDate "2021.10.06"]
[SourceQuality "1"]

1. e4 c6 2. d4 d5 3. Nc3 dxe4 4. Nxe4 Nd7 5. f4 Ngf6 6. Ng3 e6 7. Nf3 Bd6 8. Bd3 b6 9. 0-0 Bb7 10. Qe2 0-0 11. Ne5 c5 12. c3 Qc7 13. Bd2 Nd5 14. Ne4 f6 15. Nxd6 Qxd6 16. Qh5 f5 17. Nxd7 Qxd7 18. Rfe1 cxd4 19. Bc4 Kh8 20. Qe2 Rae8 21. Rad1 Qc6 22. Bb5 Qc8 23. Bxe8 Rxe8 24. cxd4 Nf6 25. Qe5 Qc6 26. Re2 Ne4 27. Rc1 Qa4 28. Bc3 Nf6 29. b3 Qd7 30. Bb2 Bd5 31. Rc7 Qd8 32. Rxa7 Qb8 33. Qxb8 Rxb8 34. Rc2 Ne8 35. Ba3 b5 36. Bb4 h6 37. h4 Kh7 38. Rc3 Kg6 39. Kf2 h5 40. Bf8 Kf6 41. Rg3 g6 42. Be7+ 1-0